[Event "SLO-chT Central Superliga 10th"]
[Site "Slovenija"]
[Date "2009.09.17"]
[Round "1.3"]
[White "Kamensek, Ivan"]
[Black "Muhic, Elvis"]
[Result "1/2-1/2"]
[WhiteElo "1797"]
[BlackElo "1521"]
[PlyCount "39"]
[EventDate "2009.09.17"]
[EventType "team-tourn"]
[EventRounds "9"]
[EventCountry "SLO"]
[SourceTitle "EXT 2022"]
[Source "ChessBase"]
[SourceDate "2021.10.06"]
[SourceVersion "1"]
[SourceVersionDate "2021.10.06"]
[SourceQuality "1"]
[WhiteTeam "Podpec Prigo"]
[BlackTeam "Senozeti MKK"]
[WhiteTeamCountry "SLO"]
[BlackTeamCountry "SLO"]

1. d4 d5 2. c4 dxc4 3. e3 e6 4. Bxc4 Nf6 5. Nf3 c6 6. Nc3 Bd6 7. 0-0 0-0 8. Qe2 b5 9. Bd3 Bb7 10. a3 a5 11. b3 Qc7 12. Bb2 Nbd7 13. Rfd1 b4 14. axb4 axb4 15. Ne4 Nxe4 16. Bxe4 Nf6 17. Bd3 c5 18. dxc5 Bxc5 19. Qc2 Bxf3 20. gxf3 1/2-1/2